000 01104nam a2200277Ia 4500
003 OSt
005 20210826114742.0
008 210310s1958 sp ad gr 000 0 spa d
040 _aCO-JMCR
_cCO-JMCR
041 0 _aspa
_heng
082 0 4 _a338.52 /
_bW352c
_223
100 1 _aWinding Pedersen, H.,
_eautor
_927772
245 1 4 _aLos costes y la política de precios /
_cH. Winding Pedersen ; traducción directa del danés por Arne Koefoed
260 _aMadrid, España :
_bAguilar
_c1958
300 _axxiii, 378 páginas :
_bilustraciones y gráficas en blanco y negro ;
_c21 cm.
490 0 _aBiblioteca de Ciencias Sociales :
_aEconomía
501 _aCon: notas a pie de página.
504 _aBibliografía : páginas 379.
505 _aDoctrina de los costes. -- Política de precios. -- La política de inversión y la valoración. -- La distribución de los costes y el calculo.
650 1 4 _aCosto
_924547
650 2 4 _aPrecios
_939720
650 2 4 _aRegulación de precios
_939721
650 2 4 _aCompetencia
_939722
700 1 _aKoefoed, Arne,
_etraductor
_939542
942 _2ddc
_cBK
999 _c12274
_d12274